[Event "31.Schlosspark-Open"]
[Site "Wiesbaden-Biebrich"]
[Date "2019.08.23"]
[Round "2.81"]
[White "Richter, Tim"]
[Black "Meaubert, Thomas"]
[Result "0-1"]
[WhiteElo "1430"]
[BlackElo "1779"]
[PlyCount "68"]
[EventDate "2019.??.??"]
[WhiteTeam "SF Heidesheim"]
[BlackTeam "SC Flörsheim"]

1. d4 Nf6 2. c4 e6 3. Nf3 b6 4. Nc3 Bb4 5. a3 Bxc3+ 6. bxc3 h6 7. Bf4 Bb7 8. e3
d6 9. h3 Nbd7 10. Bd3 Ne4 11. Qc2 f5 12. Bxe4 Bxe4 13. Qe2 Qf6 14. Rg1 g5 15.
Bh2 Ke7 16. Nd2 Bb7 17. O-O-O Rac8 18. Nb3 Rhf8 19. Kb2 Ba6 20. d5 e5 21. f3 c6
22. e4 cxd5 23. exd5 Bxc4 24. Qe3 Bxb3 25. Kxb3 Nc5+ 26. Kb2 Na4+ 27. Kb3 Rxc3+
28. Qxc3 Nxc3 29. Kxc3 e4+ 30. Kb3 Rc8 31. Rc1 Rc5 32. Rxc5 bxc5 33. Rb1 Qd4
34. fxe4 fxe4 0-1

[Event "31.Schlosspark-Open"]
[Site "Wiesbaden-Biebrich"]
[Date "2019.08.23"]
[Round "2.82"]
[White "Rowland, Anthony"]
[Black "Emrich, Franz"]
[Result "1-0"]
[WhiteElo "1776"]
[BlackElo "1439"]
[PlyCount "51"]
[EventDate "2019.??.??"]
[WhiteTeam "SC Taunusstein"]
[BlackTeam "SC Lambsheim"]

1. Nf3 Nf6 2. c4 g6 3. d4 Bg7 4. g3 O-O 5. Bg2 c6 6. Nc3 e6 7. O-O d5 8. Bg5
Nbd7 9. cxd5 exd5 10. Qd2 Re8 11. Rfe1 Nf8 12. e4 dxe4 13. Nxe4 Bf5 14. Nxf6+
Bxf6 15. Rxe8 Bxg5 16. Rxd8 Bxd2 17. Rxa8 Bb4 18. Rxa7 b5 19. Rc1 c5 20. dxc5
Ne6 21. c6 Bd6 22. c7 Bxc7 23. Rcxc7 Nxc7 24. Rxc7 Kg7 25. Nd4 Kf6 26. Nxb5 1-0

[Event "31.Schlosspark-Open"]
[Site "Wiesbaden-Biebrich"]
[Date "2019.08.23"]
[Round "2.83"]
[White "Brauch, Manfred"]
[Black "Sturm, Holger"]
[Result "1-0"]
[WhiteElo "1774"]
[BlackElo "1398"]
[PlyCount "99"]
[EventDate "2019.??.??"]
[WhiteTeam "SG Pieroth"]
[BlackTeam "Schierstein"]

1. f4 Nf6 2. Nf3 g6 3. g3 Bg7 4. Bg2 O-O 5. O-O c6 6. Qe1 d6 7. Nc3 Bf5 8. d3
Nbd7 9. e4 Bg4 10. h3 Bxf3 11. Bxf3 e6 12. g4 Qe7 13. Bd2 Kh8 14. Kh1 a5 15. a4
Rac8 16. Rg1 d5 17. e5 Ne8 18. g5 Rg8 19. d4 Bf8 20. Ne2 Ng7 21. Bxa5 Nf5 22.
Bd2 c5 23. c3 c4 24. Ng3 Qd8 25. Nxf5 gxf5 26. Rg2 Be7 27. h4 Nf8 28. h5 Qb6
29. Be3 Ra8 30. Qg1 Qd8 31. Qh2 Qd7 32. Rag1 Rxa4 33. g6 fxg6 34. hxg6 Nxg6 35.
Rxg6 Rxg6 36. Rxg6 Ra1+ 37. Rg1 Rxg1+ 38. Qxg1 Qd8 39. Bh5 Qf8 40. Bf2 Qh6 41.
Qh2 Kg7 42. Be8 Qxh2+ 43. Kxh2 Kf8 44. Bb5 h5 45. Kh3 Kf7 46. Bh4 Bxh4 47. Kxh4
Ke7 48. Kxh5 b6 49. Kg6 Kf8 50. Kf6 1-0

[Event "31.Schlosspark-Open"]
[Site "Wiesbaden-Biebrich"]
[Date "2019.08.23"]
[Round "2.84"]
[White "Meding, Olaf"]
[Black "Raima, Jan"]
[Result "1-0"]
[WhiteElo "1762"]
[BlackElo "1363"]
[PlyCount "77"]
[EventDate "2019.??.??"]
[WhiteTeam "SF Mainz"]
[BlackTeam "FC Bierstadt"]

1. d4 Nf6 2. Nf3 c5 3. e3 e6 4. Bd3 Nc6 5. O-O b6 6. b3 d5 7. Bb2 Bd6 8. a3 a6
9. Nbd2 b5 10. Ne5 Bb7 11. c4 Qb6 12. dxc5 Qxc5 13. b4 Qa7 14. Nxc6 Bxc6 15. c5
Be7 16. Nb3 O-O 17. Rc1 Rfd8 18. Bb1 Re8 19. Qd3 g6 20. Rfd1 Qb8 21. Nd4 Qc7
22. Nf3 Bd8 23. Be5 Qe7 24. Nd4 Rc8 25. a4 Qb7 26. a5 Nh5 27. g4 Nf6 28. f3 Nd7
29. Bg3 Bf6 30. Nxc6 Rxc6 31. e4 d4 32. f4 e5 33. Ba2 Qb8 34. Bd5 Rcc8 35. Qb3
Re7 36. g5 Bh8 37. f5 Nf8 38. f6 Rec7 39. Bxe5 1-0

[Event "31.Schlosspark-Open"]
[Site "Wiesbaden-Biebrich"]
[Date "2019.08.23"]
[Round "2.86"]
[White "Jess, Geralf"]
[Black "Berdyga, Mariusz"]
[Result "1-0"]
[WhiteElo "1729"]
[BlackElo "1348"]
[PlyCount "83"]
[EventDate "2019.??.??"]
[WhiteTeam "SC Matt im Park"]
[BlackTeam "CKR SSz Grójec"]

1. e4 c5 2. Nf3 e6 3. Nc3 Nc6 4. d4 cxd4 5. Nxd4 Qc7 6. Be3 a6 7. Be2 Nf6 8.
Qd2 Be7 9. f4 d6 10. h3 b5 11. Nxc6 Qxc6 12. Bf3 e5 13. Nd5 Nxd5 14. exd5 Bh4+
15. Bf2 Bxf2+ 16. Qxf2 Qd7 17. fxe5 dxe5 18. Qc5 Bb7 19. O-O-O Rc8 20. Qe3 f6
21. Bg4 Qd6 22. Bxc8 Bxc8 23. Rd2 O-O 24. g4 Bb7 25. Re1 Re8 26. Qe4 Bc8 27.
Re3 a5 28. Rc3 Bd7 29. Qe3 b4 30. Qc5 Qa6 31. Rf3 e4 32. Rf4 e3 33. Rd1 Qe2 34.
Qd4 Rc8 35. Qe4 a4 36. Qd3 Qh2 37. Rxb4 f5 38. gxf5 Bxf5 39. Qxf5 Re8 40. Re4
Rxe4 41. Qxe4 a3 42. Qe8# 1-0

[Event "31.Schlosspark-Open"]
[Site "Wiesbaden-Biebrich"]
[Date "2019.08.23"]
[Round "2.87"]
[White "Baehrle, Julius"]
[Black "Schwenk, Stefan"]
[Result "0-1"]
[WhiteElo "1349"]
[BlackElo "1733"]
[PlyCount "120"]
[EventDate "2019.??.??"]
[WhiteTeam "FC Bierstadt"]
[BlackTeam "SK Geisenheim"]

1. d4 d5 2. Bf4 e6 3. Nf3 Nf6 4. h3 Nbd7 5. e3 c5 6. Be2 Be7 7. O-O O-O 8. c4
a6 9. b3 Ne4 10. Bd3 f5 11. Ne5 Nxe5 12. Bxe5 Bf6 13. Bxe4 fxe4 14. Bxf6 Qxf6
15. Na3 cxd4 16. Qxd4 Qxd4 17. exd4 Bd7 18. Nc2 Rac8 19. Ne3 e5 20. Nxd5 exd4
21. Ne7+ Kf7 22. Nxc8 Rxc8 23. Rfd1 d3 24. f3 Bc6 25. fxe4 Bxe4 26. Rf1+ Ke6
27. Rfe1 Ke5 28. Rad1 Kd4 29. Kf2 Rf8+ 30. Kg1 Rf7 31. Rf1 Re7 32. Rf2 Bg6 33.
Rf4+ Kc3 34. Rf3 Kc2 35. Rdf1 d2 36. R3f2 Bd3 37. Ra1 Be2 38. Kh2 d1=Q 39. Rxd1
Kxd1 40. Rf8 Bd3 41. Rd8 Kc2 42. Rf8 g6 43. Rf2+ Re2 44. Rf7 Be4 45. Rxh7 Rxg2+
46. Kh1 Kb2 47. Rh4 Rg4+ 48. Kh2 Rxh4 49. c5 Kxa2 50. Kg3 g5 51. b4 Ka3 52. Kh2
Kxb4 53. Kg3 a5 54. c6 Bxc6 55. Kh2 a4 56. Kg3 a3 57. Kh2 a2 58. Kg3 a1=Q 59.
Kf2 Qb2+ 60. Ke3 Rxh3# 0-1

[Event "31.Schlosspark-Open"]
[Site "Wiesbaden-Biebrich"]
[Date "2019.08.23"]
[Round "2.88"]
[White "Dohmes, Swidbert"]
[Black "Vick, Edward"]
[Result "1-0"]
[WhiteElo "1732"]
[BlackElo "1238"]
[PlyCount "145"]
[EventDate "2019.??.??"]
[WhiteTeam "SV Hofheim"]
[BlackTeam "TuS Makkabi Wiesbaden"]

1. e4 d5 2. exd5 Nf6 3. Nc3 Nxd5 4. Bc4 c6 5. Qf3 e6 6. Nge2 Bc5 7. d4 Bd6 8.
O-O Nd7 9. Ne4 N7b6 10. Bb3 Be7 11. c4 Nf6 12. Be3 O-O 13. Rad1 Qc7 14. Bf4 Qd8
15. N2g3 Nxe4 16. Nxe4 f5 17. Nc3 Bd6 18. Bxd6 Qxd6 19. c5 Qc7 20. cxb6 Qxb6
21. Rfe1 Rd8 22. Qxf5 Qxb3 23. axb3 exf5 24. d5 cxd5 25. Nxd5 Bd7 26. Rc1 Bc6
27. Ne7+ Kf8 28. Nxc6 bxc6 29. Rxc6 Rab8 30. Rc3 Rb7 31. Kf1 Rdb8 32. Ree3 g6
33. Ke2 Rd7 34. Rcd3 Rc7 35. Kd2 Kf7 36. Rc3 Rd7+ 37. Kc2 Rb6 38. Re2 Kf6 39.
Rd2 Re7 40. Rcd3 Kf7 41. Rd7 Ke6 42. Rxe7+ Kxe7 43. Rd4 h5 44. f4 Ke6 45. b4
Rb5 46. Kc3 a5 47. bxa5 Rxa5 48. g3 Ra8 49. b4 Rc8+ 50. Kb2 Rb8 51. Kb3 Ke7 52.
Rd2 Ke6 53. Ra2 Rb6 54. Ra5 Kd7 55. Rc5 Kd6 56. Kc4 Rb7 57. b5 Rb6 58. Kd4 Kd7
59. Rd5+ Kc7 60. Kc5 Rb8 61. Re5 Kd7 62. Re2 Rc8+ 63. Kd5 Rb8 64. Rb2 Rb6 65.
Kc5 Rb7 66. b6 Rb8 67. Rd2+ Ke7 68. Rd6 Rc8+ 69. Rc6 Rb8 70. Rc7+ Kd8 71. Rg7
Rc8+ 72. Kd6 Ke8 73. Rg8+ 1-0

[Event "31.Schlosspark-Open"]
[Site "Wiesbaden-Biebrich"]
[Date "2019.08.23"]
[Round "2.89"]
[White "Koepke, Carolina"]
[Black "Michalski, Uwe"]
[Result "0-1"]
[WhiteElo "1316"]
[BlackElo "1730"]
[PlyCount "92"]
[EventDate "2019.??.??"]
[WhiteTeam "SV Oberursel"]
[BlackTeam "SF Mainz"]

1. e4 c5 2. Nc3 Nc6 3. Bc4 e6 4. d3 g6 5. Nge2 Bg7 6. h4 h5 7. Bg5 Nge7 8. Qd2
a6 9. a4 b6 10. O-O Bb7 11. Rfd1 d6 12. Qf4 O-O 13. Bf6 Qd7 14. Bxg7 Kxg7 15.
Qg3 d5 16. exd5 exd5 17. Bb3 Nf5 18. Qg5 f6 19. Qf4 Ne5 20. d4 Ng4 21. dxc5
Nxh4 22. f3 g5 23. Qd6 Qxd6 24. cxd6 Ne3 25. Rd3 Nhxg2 26. Kf2 Rfe8 27. Rg1
Rad8 28. Nd4 Kg6 29. Rxg2 Nxg2 30. Kxg2 Rxd6 31. Kf2 f5 32. Nde2 Red8 33. Rd4
h4 34. Kg2 Kf6 35. Kh3 f4 36. Kg2 Re8 37. Kf2 h3 38. Ne4+ dxe4 39. Rxd6+ Ke5
40. Rh6 exf3 41. Ng1 g4 42. Kf1 Ke4 43. Rh4 Ke3 44. Nxh3 gxh3 45. Rxh3 Rd8 46.
Ke1 Rd2 0-1

[Event "31.Schlosspark-Open"]
[Site "Wiesbaden-Biebrich"]
[Date "2019.08.23"]
[Round "2.90"]
[White "Mang, Markus"]
[Black "Zimmer, Mireille E"]
[Result "1-0"]
[WhiteElo "1726"]
[BlackElo "1020"]
[PlyCount "49"]
[EventDate "2019.??.??"]
[WhiteTeam "SG Kaiserslautern"]

1. d4 Nf6 2. c4 g6 3. g3 Bg7 4. Bg2 d5 5. cxd5 Nxd5 6. e4 Nb6 7. Ne2 Bg4 8.
Nbc3 c6 9. O-O Bxe2 10. Nxe2 O-O 11. Rb1 e5 12. d5 cxd5 13. exd5 Qd6 14. Qb3
N8d7 15. Nc3 Nc5 16. Qd1 Rfe8 17. b4 Ncd7 18. Qb3 a6 19. Be3 Rac8 20. Ne4 Qe7
21. Rbc1 Nxd5 22. Qxd5 Qxb4 23. Qxd7 Rcd8 24. Qg4 f6 25. Nxf6+ 1-0

[Event "31.Schlosspark-Open"]
[Site "Wiesbaden-Biebrich"]
[Date "2019.08.23"]
[Round "2.91"]
[White "Lochmann, Tobias"]
[Black "Ziegler, Joerg"]
[Result "0-1"]
[WhiteElo "1199"]
[BlackElo "1726"]
[PlyCount "30"]
[EventDate "2019.??.??"]
[WhiteTeam "SV Groß-Gerau"]
[BlackTeam "BKA Wiesbaden"]

1. c4 e5 2. e4 Nc6 3. Nc3 Nf6 4. g3 Bc5 5. Nf3 d6 6. Bg2 Bg4 7. O-O Qd7 8. d3
Bh3 9. Ne1 Bxg2 10. Nxg2 Qh3 11. Re1 Ng4 12. Kf1 Nd4 13. Nd5 Nxh2+ 14. Kg1
Nhf3+ 15. Kf1 Qh1# 0-1

[Event "31.Schlosspark-Open"]
[Site "Wiesbaden-Biebrich"]
[Date "2019.08.23"]
[Round "2.93"]
[White "Kehrein, Lothar"]
[Black "Sefeloge, Michael"]
[Result "0-1"]
[WhiteElo "958"]
[BlackElo "1725"]
[PlyCount "84"]
[EventDate "2019.??.??"]
[WhiteTeam "SK Gau-Algesheim"]
[BlackTeam "SV Lahnstein"]

1. e4 c5 2. Nc3 d6 3. Nf3 Nf6 4. Bc4 e6 5. O-O a6 6. d3 Nc6 7. a3 Qc7 8. Bf4
Be7 9. h3 O-O 10. Qd2 b5 11. Bb3 Bb7 12. Ne2 Rac8 13. c3 Na5 14. Bc2 c4 15. Nc1
cxd3 16. Bxd3 Bxe4 17. Bxe4 Nxe4 18. Qe1 Nf6 19. Qd1 Rfd8 20. Ne2 e5 21. Bg3
Nb7 22. b4 Ne4 23. Rc1 Nxg3 24. Nxg3 Qd7 25. Qd3 Qe6 26. Rfd1 Qb3 27. Nf5 Bf8
28. Ng5 g6 29. Ne3 Bh6 30. Ne4 Qe6 31. Ng4 Bxc1 32. Rxc1 f5 33. Ne3 fxe4 34.
Qxe4 d5 35. Qh4 d4 36. Ng4 Rf8 37. Re1 dxc3 38. Rxe5 Qxe5 39. Nxe5 c2 40. Nd7
c1=Q+ 41. Kh2 Qc7+ 42. g3 Qxd7 0-1